Представление документа в формате RUSMARC

Поле Инд. ПП Название Значение
Тип записи a
Библиографический уровень a
001 Контрольный номер 29a0b19b45ac40b1a11929a1087f4c43
005 Дата корректировки 20210323123149.0
100 a Данные общей обработки 20180924 ||| 0rusy0189 ca
101 0_ a Язык текста rus
102 a Страна публикации RU
200 1_ f Первые сведения об ответственности А.А. Максуров
a Заглавие Правоохранительные органы Европы: координация административной деятельности
b Общее обозначение материала Текст
203 a Вид содержания Текст : электронный
210 d Дата издания 2018
461 _0 1 2000
a Российская юстиция
463 _0 1 2000
a №7
v С. 19-23
1 2101
d 2018
1 0013303e93a79344ff9a67b80eca78f5bee
606 a Основная рубрика Международное право. Право отдельных стран
610 0_ a Ключевые слова ПРАВО ЗАРУБЕЖНЫХ СТРАН
a Ключевые слова ПРАВООХРАНИТЕЛЬНЫЕ ОРГАНЫ
700 _1 a Фамилия Максуров
b Имя А.А.
801 _0 a Страна RU
b Организация РГУП
c Дата составления 20180924
g Правила каталогизации PSBO
801 _1 a Страна RU
b Организация РГУП
c Дата составления 20180924
g Правила каталогизации PSBO
901 t Тип документа b
w Контрольный № источника 3303e93a79344ff9a67b80eca78f5bee
905 a Дата ввода 20180924